Benito Cereno / (Record no. 5555)

MARC details
000 -CABECERA
campo de control de longitud fija 00530nam a2200181 a 4500
005 - FECHA Y HORA DE LA ÚLTIMA TRANSACCIÓN
campo de control 20240806064026.0
008 - ELEMENTOS DE LONGITUD FIJA--INFORMACIÓN GENERAL
campo de control de longitud fija 991125s1971 es 000 0 spa u
035 ## - NÚMERO DE CONTROL DEL SISTEMA
Número de control de sistema UPN01000005555
049 ## - COLECCIÓN
Colección CG
050 #4 - SIGNATURA TOPOGRÁFICA DE LA BIBLIOTECA DEL CONGRESO
Número de clasificación AC70
Número de documento/Ítem S2 no.36
100 1# - ASIENTO PRINCIPAL--NOMBRE PERSONAL
Nombre de persona Melville, Herman,
Fechas asociadas al nombre 1819-1891
9 (RLIN) 29256
245 10 - MENCIÓN DE TÍTULO
Título Benito Cereno /
Mención de responsabilidad, etc. Herman Melville ; pról. de Juan Benet.
260 ## - PUBLICACIÓN, DISTRIBUCIÓN, ETC.
Lugar de publicación, distribución, etc. Navarra, Esp. :
Nombre del editor, distribuidor, etc. Salvat,
Fecha de publicación, distribución, etc. 1971.
300 ## - DESCRIPCIÓN FÍSICA
Extensión 138 p.
440 #0 - MENCIÓN DE SERIE/ASIENTO SECUNDARIO--TÍTULO
Título Biblioteca básica Salvat ;
Designación de volumen o secuencia 36
650 #4 - ASIENTO SECUNDARIO DE MATERIA - TERMINO TEMATICO
Término de materia o nombre geográfico como elemento de entrada Literatura estadounidense
9 (RLIN) 5229
905 ## - TIPO DE MATERIAL
Tipo de material Libro
Holdings
Estado de retiro Estado de pérdida Fuente del sistema de clasificación o colocación Estado dañado No para préstamo Código de colección Localización permanente Ubicación/localización actual Ubicación en estantería Total de préstamos Clasificación Código de barras Fecha visto por última vez Número de copia Tipo de ítem Koha
    Library of Congress Classification     Colección General Bib. Gregorio Torres Quintero Bib. Gregorio Torres Quintero Planta baja   AC70 S2 no.36 4664 31/12/2020 1 Libro